000 nam a22 7a 4500
999 _c328294
_d328294
003 BLK
005 20181220100736.0
008 181220b bu ||||| |||| 00| 0 bu d
020 _a978-954-326-362-2
040 _aBLK
041 _aBUL
_cBUL
080 _aБългарски език
_b811.163.2
_z811.163.2
100 _9257131
_aМанолова, Лилия Георгиева
_eпърви автор
139 _aМанолова, Лилия Георгиева
_bМ 27
245 _aБългарска езикова култура
_bИз миналото и съвременността
_cЛилия Манолова
260 _9209799
_aСофия
_bПарадигма
_c2018
300 _a254 с.
_c21 см
380 _a80
650 0 _9246425
_aБългарски език
650 0 _9241868
_aЕзиковеди, български
653 7 _9185920
_aезикова култура
653 7 _9194329
_aправопис
653 7 _9182680
_aбългарски езиковеди
653 7 _9182706
_aбългарски писатели
942 _cKNG
_n0